Регионална библиотека "Любен Каравелов" - Русе

Кратка история на древна Гърция (Запис номер 195935)

MARC детайли
000 -Лидер
Контролно поле с фиксирана дължина 01905nam a2200433 a 4500
003 - Код на организацията, давaща контролен номер
Контролно поле BLK
005 - Дата и час на последна редакция
Контролно поле 20241029142150.0
008 - Елементи от данни с фиксирана дължина
fixed length control field 180411b bul|||||r ||||||| ||bul||
010 ## - Наследен системен номер
LC control number KNG00205190000
020 ## - Международен стандартен номер на книга ISBN
Международен стандартен номер на книга ISBN 978-954-398-458-9
040 ## - Източник на каталожния запис
Идентификатор на билиотеката - собственик на записа BLK
041 ## - Код за език
Код за езика КДБФ
Код за езика на текст/звукозапис или на отделно заглавие
072 #7 - Код за тематичната категория
Код организация bullib
Код за тематична категория Н92
Текст История Н
080 ## - УДК
Текстов определител УДК История на Гърция (до 323 г. н. е.). Древна Гърция
УДК код - определител по УДК 94(38)
УДК - код + определител 94(38)
100 1# - Редна дума - Автор
Автор Мосе, Клод
Авторска отговорност първи автор
R(LIN) 347224
139 ## - Редно поле
Редна дума Мосе, Клод и др.
Авторски знак Мос - М 91
245 10 - Сведения за заглавието
Заглавие Кратка история на древна Гърция
Подзаглавни данни От началото на второто хилядолетие пр. Христа до битката при Акциум
Редно поле (дума) Клод Мосе; съавт. Ани Шнап-Гурбейон; прев. Гергана Соколова.
257 ## - Страна на издаване
Страна на създаване/издаване Франция
260 ## - Област на издателските данни
Име на издателя, разпространителя и проч. Труд
Година на издаване 2016
Печатница Благоевград : Смилков
300 ## - Физическа характеристика
Страници 341 с.
Илюстрации и др. с ил., к.
Размери/Мащаб 24 см
380 ## - Жанр
Жанр История
500 ## - Общи забележки
Забележка Ориг. загл. Precis d'histoire Grecque - Du debut du deuxieme millenaire a la bataille d'Actium / Claude Mosse, Annie Schnapp-Gourbeillon. - Библиогр. с. 357-369. - Азб. показалец.
650 #4 - Допълнително описание по предмет – тема
Основно описание – тема или топоним Древна Гърция - история
9 (RLIN) 244549
651 #4 - Допълнително описание по предмет - топоним
Географско понятие Древна Гърция
9 (RLIN) 242869
653 ## - Ключова дума – ненормативна
Ключова дума Древна Гърция
653 ## - Ключова дума – ненормативна
Ключова дума антична история
659 ## - Тематичен бюлетин
Тематичен бюлетин Н
700 1# - Други автори (авторска отговорност)
Лично име Шнап-Гурбейон, Ани
Автороска отговорност (Описва отношението между автора и произведението) съавт.
9 (RLIN) 143831
700 1# - Други автори (авторска отговорност)
Лично име Соколова, Гергана
Автороска отговорност (Описва отношението между автора и произведението) прев.
9 (RLIN) 385489
852 ## - Местоположение
Форматна сигнатура Цб 285220
856 4# - Електронен адрес и достъп
Електронен формат pdf - файл
856 4# - Електронен адрес и достъп
Електронен формат pdf - файл
999 ## - СИСТЕМНИ КОНТРОЛНИ НОМЕРА
Koha biblionumber 195935
Koha biblioitemnumber 195935
942 ## - АРТИКУЛИ
Вид на библиотечния материал Книги
Скрит в OPAC Не
Koha issues (borrowed), all copies 7
944 ## - СЪЗДАВАНЕ И РЕДАКЦИЯ на ЗАПИСА
Създаване/Редакция Създаване
Дата на регистрацията/редакция 19.04.2017
Статус, дата на статуса Минев Младен
Служител, извършил регистрацията/редакцията 30530
944 ## - СЪЗДАВАНЕ И РЕДАКЦИЯ на ЗАПИСА
Създаване/Редакция Редакция
Дата на регистрацията/редакция 30.05.2017
Статус, дата на статуса ф /
Служител, извършил регистрацията/редакцията Пенка_Димитрова
999 ## - СИСТЕМНИ КОНТРОЛНИ НОМЕРА
Koha biblioitemnumber 195935
999 ## - СИСТЕМНИ КОНТРОЛНИ НОМЕРА
Koha biblioitemnumber 195935
999 ## - СИСТЕМНИ КОНТРОЛНИ НОМЕРА
Koha biblioitemnumber 195935
Наличности
Код за отписване Код за изгубен артикул Източник на класификационната схема Код за повреда Коз за рестрикции Код за отдаване Артикулен № Име на библиотеката - собственик Име на библиотеката, в която се намира в момента Статус (Текущо местоположение) Дата на вписване в системата Местоположение - отдел Цена в лева Инвентарен номер Систематично азбучна сигнатура Баркод Номер на екземпляра Цена в евро Служебна бележка Служебен тип на артикула
  Не е изгубен Universal Decimal Classification Не е повреден без рестрикции заемане за дома 341929 Регионална библиотека "Любен Каравелов" Русе Регионална библиотека "Любен Каравелов" Русе Заемна - подръчен фонд 2017-04-22 Заемна - подръчен фонд 20.00 120000810143 П 94(3)/М 91 120000810143 1 10.23 Дост: Pk Вид: Ф N: 487 Дата: 13.04.2017 Дата инв: 06.02.2018 Бележки инв: П2018 Книги
  Не е изгубен   Не е повреден без рестрикции ползва се в читалня 341930 Регионална библиотека "Любен Каравелов" Русе Регионална библиотека "Любен Каравелов" Русе Хранилище 2017-05-30 Хранилище 19.99 120000811742 Цб 285220 120000811742 2 10.22 Дост: Dp Вид: Д N: 17 Дата: 31.03.2017 Книги
  Не е изгубен Universal Decimal Classification Не е повреден без рестрикции заемане за дома 677305 Регионална библиотека "Любен Каравелов" Русе Регионална библиотека "Любен Каравелов" Русе Заемна - подръчен фонд 2018-06-15 Заемна - подръчен фонд 19.99 120000821356 П 94(3)/М 91 120000821356   10.22   Книги
Vip Innovations Ltd, Rousse, Bulgaria 2025